|
|
|
|
| LEADER |
01112nam a22002774a 4500 |
| 001 |
4846 |
| 003 |
BD-DhAAL |
| 005 |
20150330113224.0 |
| 008 |
150330s2001 dcuab b 001 0 eng |
| 010 |
|
|
|a 00065483
|
| 020 |
|
|
|a 0195215966 (pbk. : alk. paper)
|
| 040 |
|
|
|a DLC
|c DLC
|d DLC
|d BD-DhAAL
|
| 050 |
0 |
0 |
|a HQ1075.5.D44
|b E55 2001
|
| 082 |
0 |
0 |
|a 305.42/09172/4
|2 21
|
| 245 |
0 |
0 |
|a Engendering development :
|b through gender equality in rights, resources, and voice.
|
| 260 |
|
|
|a Washington, D.C. :
|b World Bank ;
|a New York :
|b Oxford University Press,
|c 2001.
|
| 300 |
|
|
|a xix, 364 p. :
|b col. ill., map ;
|c 24 cm.
|
| 490 |
|
|
|a World Bank policy research report
|
| 504 |
|
|
|a Includes bibliographical references (p. 321-357) and index.
|
| 541 |
|
|
|e 4846
|
| 650 |
|
0 |
|a Sex role
|z Developing countries.
|9 10202
|
| 650 |
|
0 |
|a Women in development
|z Developing countries.
|9 8602
|
| 710 |
2 |
|
|a World Bank.
|9 10203
|
| 942 |
|
|
|2 ddc
|c BK
|
| 999 |
|
|
|c 34183
|d 34183
|
| 952 |
|
|
|0 0
|1 0
|2 ddc
|4 0
|6 305_420917240000000_ENG
|7 0
|9 53344
|a SCL
|b SCL
|c GEN
|d 2015-03-30
|l 1
|m 2
|o 305.42091724 ENG
|p 3020004846
|r 2022-04-23
|s 2022-03-24
|t 1
|w 2015-03-30
|y BK
|